000 00608nam a2200229Ia 4500
003 OSt
005 20220927105001.0
006 a|||||r|||| 00| 0
007 ta
008 220926b |||||||| |||| 00| 0 eng d
024 _a196256
037 _cReference Collections
040 _aRTL
_cRTL
_beng
041 _2eng
_aeng
082 _a"X655.44Q71.N6, K5"
100 _aRaschid M
_9369096
245 0 _aInvestment opportunities in east pakistan
260 _c1965
300 _a49p
_ccm.
942 _h"X655.44Q71.N6, K5"
_cCC
999 _c689965
_d689965